[Event "FRA Top 16 Lower Pool U16"]
[Site "France"]
[Date "2022.06.06"]
[Round "4.1"]
[White "Warnier, Yanis"]
[Black "Bousmaha, Leila"]
[Result "1-0"]
[WhiteElo "1905"]
[BlackElo "1629"]
[PlyCount "67"]
[EventDate "2022.06.04"]
[EventType "tourn"]
[EventRounds "4"]
[EventCountry "FRA"]
[SourceTitle "EXT 2023"]
[Source "ChessBase"]
[SourceDate "2022.10.05"]
[SourceVersion "1"]
[SourceVersionDate "2022.10.05"]
[SourceQuality "1"]

1. b4 e5 2. Bb2 Bxb4 3. Bxe5 Nf6 4. Nf3 Nc6 5. Bc3 Bxc3 6. Nxc3 d5 7. e3 Bf5 8. Bb5 0-0 9. Bxc6 bxc6 10. Nd4 Bd7 11. Nb3 Qe7 12. d4 Ne8 13. 0-0 f5 14. Ne2 Rf6 15. Nf4 Rh6 16. Qf3 Nf6 17. Rfc1 Rf8 18. c4 dxc4 19. Rxc4 g5 20. Nd3 Be6 21. Qxc6 Bxc4 22. Qxc4+ Kg7 23. Rc1 Ne8 24. Ne5 Rff6 25. Nc5 Nd6 26. Qd5 Nf7 27. Ned7 Rd6 28. Qxf5 Rhf6 29. Nxf6 Rxf6 30. Qe4 Qd6 31. Rb1 Nd8 32. Rb5 h6 33. h3 Qf8 34. Nd7 1-0

[Event "Avoine op 34th"]
[Site "Avoine"]
[Date "2019.07.25"]
[Round "6"]
[White "Warnier, Yanis"]
[Black "Mancini, Mario"]
[Result "1/2-1/2"]
[WhiteElo "1946"]
[BlackElo "2166"]
[PlyCount "67"]
[EventDate "2019.07.20"]
[EventType "swiss"]
[EventRounds "9"]
[EventCountry "FRA"]
[SourceTitle "EXT 2020"]
[Source "ChessBase"]
[SourceDate "2019.10.17"]
[SourceVersion "1"]
[SourceVersionDate "2019.10.17"]
[SourceQuality "1"]

1. e4 c5 2. Nf3 e6 3. d4 cxd4 4. Nxd4 a6 5. Nc3 Qc7 6. Bd3 Bc5 7. Nb3 Be7 8. 0-0 Nf6 9. Re1 d6 10. a4 b6 11. f4 Nbd7 12. Qe2 e5 13. f5 Bb7 14. Bg5 h6 15. Be3 0-0 16. Rad1 Rfd8 17. Bc4 Rdc8 18. Nd2 Nc5 19. Nd5 Bxd5 20. Bxd5 Nxd5 21. exd5 Qd7 22. Bxc5 bxc5 23. Qe4 c4 24. Nxc4 Rab8 25. b3 Rc5 26. Re3 Qc7 27. Kf1 Rb4 28. Rc3 Qd8 29. g3 Qc7 30. h4 Qd8 31. Ke2 Qc7 32. Kf1 Qd8 33. Ke2 Qc7 34. Kf1 1/2-1/2

[Event "Avoine op 34th"]
[Site "Avoine"]
[Date "2019.07.20"]
[Round "4"]
[White "Warnier, Yanis"]
[Black "Lacroix, Romain"]
[Result "0-1"]
[WhiteElo "1946"]
[BlackElo "2226"]
[PlyCount "51"]
[EventDate "2019.07.20"]
[EventType "swiss"]
[EventRounds "9"]
[EventCountry "FRA"]
[SourceTitle "EXT 2020"]
[Source "ChessBase"]
[SourceDate "2019.10.17"]
[SourceVersion "1"]
[SourceVersionDate "2019.10.17"]
[SourceQuality "1"]

1. e4 d6 2. d4 Nf6 3. Nc3 e5 4. Nf3 Nbd7 5. g4 h6 6. g5 hxg5 7. Bxg5 c6 8. Bc4 b5 9. Bxf7+ Kxf7 10. dxe5 dxe5 11. Nxe5+ Nxe5 12. Qxd8 Nf3+ 13. Ke2 Nxg5 14. f3 b4 15. Qc7+ Be7 16. Nd1 Ba6+ 17. Kf2 Rad8 18. Kg2 Rd2+ 19. Nf2 Be2 20. Qf4 Bxf3+ 21. Kf1 Rxf2+ 22. Kxf2 Bxh1 23. Ke2 Ne6 24. Qg3 Bxe4 25. Rf1 Rd8 26. Qb3 0-1